|
|
|
|
| LEADER |
00000nam a22000007a 4500 |
| 005 |
20200527235318.0 |
| 007 |
cr|||| |||| |
| 008 |
200527s2020 mx |||||s|||| 00||0 spa d |
| 020 |
|
|
|a 978-607-541-219-1
|
| 035 |
|
|
|a 31495
|
| 040 |
|
|
|a vLex
|
| 090 |
|
|
|c 10416
|d 10416
|
| 100 |
1 |
|
|a Luna Guerra, Antonio
|
| 245 |
1 |
0 |
|a Rǧimen fiscal de las actividades agropecuarias 2020
|h [Recurso electrn̤ico] /
|c Antonio Luna Guerra
|
| 256 |
|
|
|a Servicio en ln̕ea
|
| 260 |
|
|
|a Ciudad de Mx̌ico:
|b Ediciones Fiscales ISEF,
|c 2020
|
| 300 |
|
|
|a 1 recurso electrn̤ico
|
| 500 |
|
|
|a El Rǧimen Fiscal de las Actividades Agropecuarias, muestra de manera prc̀tica el trato que se le da al SECTOR PRIMARIO a diferencia de los dems̀ contribuyentes con actividades comerciales o industriales. El sector agropecuario ha sufrido varias transformaciones en materia fiscal a lo largo de los aǫs. Es necesario conocer este tipo de aspectos de la economa̕ para poder llevar a cabo un adecuado esquema de los tributos en Mx̌ico, ya que el desconocimiento del tema conlleva a una mala estructuracin̤ de las leyes y por ende, una pšima recaudacin̤. ŁIncluye las actividades silvc̕olas y pesqueras!
|
| 506 |
1 |
|
|a Disponible solo en los productos indicados
|d vLex Global
|d vLex Global (Academic Edition, excluding Law Schools)
|d vLex Global (U.S. Academic Edition, Law Schools)
|d vLex Global (U.S. Academic Edition, excluding Law Schools)
|d vLex Global (Academic Edition, Law Schools)
|
| 650 |
0 |
4 |
|a Derecho Fiscal
|z Mx̌ico
|
| 740 |
0 |
|
|a vLex Libros (Servicio en ln̕ea)
|
| 856 |
4 |
0 |
|u http://vlex.com/source/regimen-fiscal-de-las-actividades-agropecuarias-2020-31495
|z Acceso restringido
|
| 942 |
|
|
|c BOOK
|
| 999 |
0 |
|
|a Tax Law
|